| Tag |
First Indicator |
Second Indicator |
Subfields |
| LEADER |
00000cam a22000008a 4500 |
| 001 |
in00000012644 |
| 005 |
20151007051855.0 |
| 008 |
880301c19881987nyua 00011 eng |
| 010 |
|
|
|a 87045631
|
| 020 |
|
|
|a 0060158751 :
|c $10.95
|
| 035 |
|
|
|a (OCoLC)17104527
|
| 035 |
|
|
|9 AAA5219AM
|
| 040 |
|
|
|a DLC
|c DLC
|d TXA
|d UtOrBLW
|
| 049 |
|
|
|a TXAM
|c [A11034988]
|
| 050 |
0 |
0 |
|a PR6061.I45
|b F76 1988
|
| 082 |
0 |
|
|a 823/.914
|2 19
|
| 100 |
1 |
|
|a King, Francis,
|d 1923-2011.
|
| 245 |
1 |
0 |
|a Frozen music /
|c Francis King ; illustrations by Patrick Procktor.
|
| 250 |
|
|
|a 1st U.S. ed.
|
| 264 |
|
1 |
|a New York :
|b Harper & Row,
|c 1988
|
| 264 |
|
4 |
|c ©1987
|
| 300 |
|
|
|a 143 pages :
|b illustrations
|
| 336 |
|
|
|a text
|b txt
|2 rdacontent
|
| 337 |
|
|
|a unmediated
|b n
|2 rdamedia
|
| 338 |
|
|
|a volume
|b nc
|2 rdacarrier
|
| 490 |
0 |
|
|a The Harper short novel series
|
| 700 |
1 |
|
|a Procktor, Patrick.
|
| 999 |
|
|
|a MARS
|
| 999 |
f |
f |
|s 134c73dc-09db-3f89-a17e-aa75a53a5810
|i d6b07ccb-c55c-362b-809d-5b12e0ad2988
|t 0
|
| 952 |
f |
f |
|p ric
|a Texas A&M University
|b Rellis Campus
|c Joint Library Facility
|d Remote Storage
|t 0
|e PR6061.I45 F76 1988
|h Library of Congress classification
|i unmediated -- volume
|m A14811034988
|
| 998 |
f |
f |
|a PR6061.I45 F76 1988
|t 0
|l Remote Storage
|